000
00296nam a22001217a 4500
008
171123b xxu||||| |||| 00| 0 eng d
041
_a
eng
080
_a
574
100
_a
9
101
_a
MJE
245
_a
INSTRUMENTATION AND MEASUREMENT FOR ENVIRONMENTAL SCIENCES
_c
HENRY,Z.A
942
_2
udc
_c
BK
999
_c
38398
_d
38398